South Eastern Kenya University

Library Online Public Access Catalogue


Introduction to special education : (Record no. 12951)

MARC details
000 -LEADER
fixed length control field 00766cam a2200253 a 4500
001 - CONTROL NUMBER
control field 11946731
003 - CONTROL NUMBER IDENTIFIER
control field OSt
005 - DATE AND TIME OF LATEST TRANSACTION
control field 20160421150518.0
008 - FIXED-LENGTH DATA ELEMENTS--GENERAL INFORMATION
fixed length control field 000320s2001 maua b 001 0 eng
010 ## - LIBRARY OF CONGRESS CONTROL NUMBER
LC control number 00036215
020 ## - INTERNATIONAL STANDARD BOOK NUMBER
International Standard Book Number 0205292224
040 ## - CATALOGING SOURCE
Original cataloging agency SEKU
043 ## - GEOGRAPHIC AREA CODE
Geographic area code n-us---
050 00 - LIBRARY OF CONGRESS CALL NUMBER
Classification number LC 3981
Item number .S6 2001
082 00 - DEWEY DECIMAL CLASSIFICATION NUMBER
Classification number 371.9/0973
Edition number 21
100 1# - MAIN ENTRY--PERSONAL NAME
Personal name Smith, Deborah Deutsch.
245 10 - TITLE STATEMENT
Title Introduction to special education :
Remainder of title teaching in an age of opportunity /
Statement of responsibility, etc. Deborah Deutsch Smith.
250 ## - EDITION STATEMENT
Edition statement 4th ed.
260 ## - PUBLICATION, DISTRIBUTION, ETC. (IMPRINT)
Place of publication, distribution, etc. Boston :
Name of publisher, distributor, etc. Allyn and Bacon,
Date of publication, distribution, etc. 2001.
300 ## - PHYSICAL DESCRIPTION
Extent xxvi, 629 p. :
Other physical details ill. (some col.) ;
Dimensions 27 cm.
504 ## - BIBLIOGRAPHY, ETC. NOTE
Bibliography, etc Includes bibliographical references and indexes.
650 #0 - SUBJECT ADDED ENTRY--TOPICAL TERM
Topical term or geographic name as entry element Special education
Geographic subdivision United States.
942 ## - ADDED ENTRY ELEMENTS (KOHA)
Source of classification or shelving scheme Library of Congress Classification
Koha item type General circulation
Holdings
Withdrawn status Lost status Source of classification or shelving scheme Damaged status Not for loan Home library Current library Shelving location Date acquired Source of acquisition Total Checkouts Full call number Barcode Date last seen Price effective from Koha item type Public note
    Library of Congress Classification     SEHSS - Library SEHSS - Library General Stacks 21/04/2016 Donation- Books for Africa   [WTE] LC 3981 .S6 2001 2016/016866 21/04/2016 21/04/2016 General circulation stv
Kitui, Kenya.
+254736116989
library@seku.ac.ke